[Event "BEL-ch op"]
[Site "Namur"]
[Date "2009.07.05"]
[Round "2"]
[White "Costa, Serge"]
[Black "Henris, Luc"]
[Result "0-1"]
[WhiteElo "1977"]
[BlackElo "2265"]
[PlyCount "66"]
[EventDate "2009.07.04"]
[EventType "swiss"]
[EventRounds "9"]
[EventCountry "BEL"]
[SourceTitle "EXT 2010"]
[Source "ChessBase"]
[SourceDate "2010.11.25"]
[SourceVersion "1"]
[SourceVersionDate "2010.11.25"]
[SourceQuality "1"]

1. d4 d5 2. Bf4 c5 3. e3 Nc6 4. c3 Qb6 5. b3 Bf5 6. Nf3 e6 7. Nh4 Bxb1 8. Rxb1 Qa5 9. Qd2 Nf6 10. Bd3 Ne4 11. Bxe4 dxe4 12. g4 Be7 13. Ng2 Rd8 14. Bg3 cxd4 15. 0-0 Qxc3 16. Qxc3 dxc3 17. Rbc1 Rd2 18. Rxc3 Rxa2 19. Rd1 0-0 20. Ne1 Rd8 21. Rxd8+ Bxd8 22. Bd6 Rd2 23. Ba3 Bh4 24. Nc2 f5 25. Nd4 Nxd4 26. Rc8+ Kf7 27. Rc7+ Kg6 28. exd4 Bxf2+ 29. Kf1 e3 30. Bf8 fxg4 31. Rxg7+ Kf5 32. Rxb7 Ke4 33. Bc5 Rd1+ 0-1